000 00672nam a2200277Ia 4500
005 20260324112809.0
008 008 260324s9999 xx 000 0 eng d
020 _a9781003516903
037 _aEBOOK
040 _aCRL
040 _beng
040 _cCRL
041 _2eng
041 _aeng
084 _qCRL
100 _aGeorge Nadim Melhem; Paul Richard Munroe; Akshay Vithal
_91144177
245 0 _aSupersonic Effects on Rivets
260 _bTaylor and Francis
260 _c2024
365 _a
365 _b110
856 _uhttp://www.taylorfrancis.com/books/9781003516903
942 _cEBOOK
999 _c1733531
_d1733531